[Event "Let's go!"]
[Site "http://www.queenalice.com/game.php?id=396575"]
[Date "2008.5.2"]
[Round "-"]
[White "bonzinho"]
[Black "iliov2008"]
[Result "0-1"]
[WhiteElo "1260"]
[BlackElo "1263"]

1. Nc3 e5 2. d3 Qf6 3. Nf3 Nc6 4. Nd5 Qd6 5. c4 Nf6 6. Be3 Nxd5 7. Qb3 Ncb4 8.
cxd5 b6 9. a3 Nxd5 10. d4 exd4 11. Bxd4 c5 12. e4 cxd4 13. exd5 Qf4 14. Bb5 a6
15. Be2 Bc5 16. O-O g6 17. Rae1 h5 18. Bd3+ Kf8 19. Re4 Qf6 20. Rfe1 Bb7 21. Ne5
Qd6 22. Nc4 Qxd5 0-1

[Event "Let's Play Chess!"]
[Site "http://www.queenalice.com/game.php?id=397879"]
[Date "2008.5.5"]
[Round "-"]
[White "dida"]
[Black "bonzinho"]
[Result "1-0"]
[WhiteElo "1564"]
[BlackElo "1260"]

1. e4 d6 2. Qf3 e5 3. Bc4 Nc6 4. c3 Be6 5. Bxe6 fxe6 6. a3 d5 7. Ne2 h5 8. d4
dxe4 9. Qxe4 Nf6 10. Qg6+ Ke7 11. dxe5 1-0

[Event "let's go"]
[Site "http://www.queenalice.com/game.php?id=398204"]
[Date "2008.5.5"]
[Round "-"]
[White "bonzinho"]
[Black "presidentdalsace"]
[Result "0-1"]
[WhiteElo "1281"]
[BlackElo "769"]

1. d4 Nc6 2. g3 d5 3. e3 Nf6 4. c4 Bg4 5. Be2 Bxe2 6. Nxe2 Qd6 7. c5 Qe6 8. Nf4
Qf5 9. O-O g5 10. Ng2 Qh3 11. a4 Ng4 12. f3 Qxh2# 0-1

[Event "Let's Play Chess!"]
[Site "http://www.queenalice.com/game.php?id=398206"]
[Date "2008.5.5"]
[Round "-"]
[White "bonzinho"]
[Black "spawnwolfwolverine"]
[Result "1/2-1/2"]
[WhiteElo "1278"]
[BlackElo "1569"]

1. Nf3 d6 2. d4 g6 3. e3 Bg7 4. Ng5 e6 5. d5 Qxg5 6. Bb5+ Bd7 7. e4 Qxg2 8. Rf1
Bxb5 9. Bh6 Qxf1+ 10. Kd2 Qxd1+ 11. Kxd1 Bxh6 12. dxe6 fxe6 13. Nc3 a6 14. a4
Bc6 15. a5 Nd7 16. Ra3 Ngf6 17. f3 O-O 18. b4 d5 19. exd5 exd5 20. Ne2 b5 21.
Rc3 Bb7 22. Rxc7 Bc8 23. Nd4 Ne5 24. Ne6 Bxe6 25. f4 Bxf4 26. Re7 Bg4+ 27. Ke1
Bxh2 28. Rxe5 Bxe5 29. Kd2 Rac8 30. Kc1 Bf4+ 31. Kb2 d4 32. Kb3 Rc3+ 33. Kb2 Nd5
34. Kb1 Nxb4 35. Kb2 Rxc2+ 36. Kb3 Bd6 37. Ka3 Nc6+ 38. Kb3 d3 1/2-1/2

[Event "Vamos?"]
[Site "http://www.queenalice.com/game.php?id=398560"]
[Date "2008.5.6"]
[Round "-"]
[White "bonzinho"]
[Black "manoelconstante"]
[Result "0-1"]
[WhiteElo "1313"]
[BlackElo "1386"]

1. Nf3 g5 2. Nxg5 e5 3. Ne4 d5 4. Nc5 Bxc5 5. e3 Nf6 6. d4 exd4 7. exd4 Qe7+ 8.
Be2 Bb4+ 9. c3 Bd6 10. Bh6 Rg8 11. Bg5 Rxg5 12. g3 a5 13. h4 Rh5 14. O-O Rf5 15.
Bg4 h5 16. Bxf5 Bxf5 17. Nd2 Bh3 18. Re1 Ne4 19. f3 Bxg3 20. Re2 Qxh4 21. Nf1
Bf2+ 22. Rxf2 Qxf2+ 23. Kh1 Qg2# 0-1

[Event "Challenge"]
[Site "http://www.queenalice.com/game.php?id=398710"]
[Date "2008.5.6"]
[Round "-"]
[White "bonzinho"]
[Black "gomonkey"]
[Result "0-1"]
[WhiteElo "1300"]
[BlackElo "1475"]

1. d4 d5 2. e3 Nf6 3. Nf3 e6 4. a4 c5 5. Bb5+ Bd7 6. dxc5 Qa5+ 7. Nc3 Ne4 8. O-O
Bxb5 9. Nxb5 Nxc5 10. Bd2 Qd8 11. Ne5 a6 12. Nc3 f6 13. Ng4 Qb6 14. e4 d4 15.
Ne2 Nxe4 16. c3 d3 17. Nd4 e5 18. Nb3 Bd6 19. a5 Qb5 20. Re1 Nxd2 21. Qxd2 Qxb3
22. Qxd3 Bc5 23. Ne3 Qxb2 24. Red1 O-O 25. Qd5+ Kh8 26. Qxc5 Nd7 27. Qc7 Rab8
28. Qxd7 Rfd8 29. Nc4 Qxc3 30. Qc7 Re8 31. Qf7 Rg8 32. Nd6 Qc2 33. g4 Rbd8 34.
Qa2 Qg6 35. Nxb7 Qxg4+ 36. Kf1 Rxd1+ 37. Rxd1 Qxd1+ 38. Kg2 e4 39. Nc5 f5 40.
Ne6 h5 41. h4 Qg4+ 42. Kf1 Qxh4 43. Qd2 g5 44. f4 g4 45. Qd5 e3 46. Ke2 Qf2+ 47.
Kd3 Qd2+ 48. Kc4 Rc8+ 49. Nc5 Qxd5+ 50. Kxd5 Rxc5+ 51. Kxc5 e2 52. Kb6 e1=Q 53.
Kxa6 g3 54. Kb6 g2 55. a6 g1=Q+ 56. Kb7 Qe6 57. a7 Qg7+ 58. Kb8 Qe8# 0-1

[Event "Challenge"]
[Site "http://www.queenalice.com/game.php?id=398711"]
[Date "2008.5.6"]
[Round "-"]
[White "bonzinho"]
[Black "Krajnicov"]
[Result "1-0"]
[WhiteElo "1305"]
[BlackElo "1287"]

1. d4 e6 2. c3 Qh4 3. Nf3 Qe4 4. Nbd2 Qf5 5. e4 Qg4 6. h3 Qf4 7. Nc4 Qf6 8. e5
Qf5 9. Bd3 Qh5 10. O-O f6 11. Qc2 g5 12. Bxh7 Rxh7 13. exf6 g4 14. Nfe5 gxh3 15.
Ng6 Kf7 16. Nge5+ Kxf6 17. f3 Rg7 18. Ng4+ Rxg4 19. fxg4+ Ke7 20. gxh5 Nf6 21.
Bg5 d5 22. Bxf6+ Ke8 23. Ne5 Bh6 24. Qh7 Bf8 25. Qf7# 1-0

[Event "Let's Play Chess!"]
[Site "http://www.queenalice.com/game.php?id=398714"]
[Date "2008.5.6"]
[Round "-"]
[White "bonzinho"]
[Black "spawnwolfwolverine"]
[Result "0-1"]
[WhiteElo "1320"]
[BlackElo "1538"]

1. g4 d5 2. d4 Bxg4 3. Bh3 Bxh3 4. Nxh3 e6 5. a4 c6 6. c3 Nf6 7. Qb3 b6 8. Bf4
Be7 9. Rg1 O-O 10. Bh6 Nh5 11. c4 Bf6 12. c5 Nd7 13. cxb6 Qxb6 14. Be3 Qxb3 15.
Nf4 Nxf4 16. Bxf4 Qxb2 17. Bd6 Qxa1 18. Kf1 Qxb1+ 19. Kg2 Qxg1+ 20. Kxg1 Bxd4
21. e3 Bc5 22. Bc7 a5 23. Kg2 Nf6 24. h4 h5 25. Kf3 g6 26. Kf4 Rab8 27. Bxa5
Rb4+ 28. Ke5 Ng4# 0-1

[Event "Let's Play Chess!"]
[Site "http://www.queenalice.com/game.php?id=398715"]
[Date "2008.5.6"]
[Round "-"]
[White "bonzinho"]
[Black "spawnwolfwolverine"]
[Result "0-1"]
[WhiteElo "1290"]
[BlackElo "1582"]

1. e3 e5 2. Bd3 d6 3. Nc3 Be7 4. e4 Nf6 5. Nf3 Bg4 6. O-O O-O 7. h3 Bxf3 8. Qxf3
c6 9. a4 a6 10. b4 Nbd7 11. b5 cxb5 12. Rb1 Nc5 13. axb5 Nxd3 14. Qxd3 g6 15.
Nd5 Nxd5 16. Qxd5 Qc7 17. b6 Qc6 18. Qd3 Bf6 19. Ba3 a5 20. Bxd6 Rfd8 21. Qb5
Qxb5 22. Bc7 Rdc8 23. Rxb5 Bd8 24. Bxe5 Rxc2 25. Rd5 f6 26. Bf4 g5 27. Bg3 Bxb6
28. Rd6 Bd8 29. e5 a4 30. Re6 Rxd2 31. f4 gxf4 32. Bxf4 Re2 33. Rd6 fxe5 34. Bg3
e4 35. Rdf6 Bxf6 36. Rxf6 a3 37. Rf1 a2 38. Ra1 b5 39. Kf1 Rb2 40. Kg1 Rb1+ 41.
Rxb1 axb1=Q+ 42. Kh2 e3 43. h4 e2 44. Bf2 e1=Q 45. Bxe1 Qxe1 0-1

[Event "Again"]
[Site "http://www.queenalice.com/game.php?id=400108"]
[Date "2008.5.8"]
[Round "-"]
[White "presidentdalsace"]
[Black "bonzinho"]
[Result "1-0"]
[WhiteElo "1045"]
[BlackElo "1286"]

1. e3 e5 2. Qh5 g6 3. Qxe5+ Ne7 4. Qxh8 h5 5. Bc4 d5 6. Bb3 Bf5 7. Qe5 f6 8.
Qxf6 Be4 9. f3 Bg7 10. Qxg7 Nbc6 11. fxe4 Nb4 12. Ba4+ c6 13. exd5 b5 14. Qh8+
Kd7 15. Qxd8+ Rxd8 16. Bb3 cxd5 17. a4 Rb8 18. axb5 Nxc2+ 19. Bxc2 Rc8 20. Rxa7+
Kd6 21. b6 Nc6 22. Rf7 Nb4 23. b7 Rb8 24. Rf6+ Kc5 25. d4+ Kc4 26. Nd2+ Kb5 27.
Bxg6 Rxb7 28. Be8+ Ka5 29. Nb3# 1-0

[Event "Challenge"]
[Site "http://www.queenalice.com/game.php?id=404431"]
[Date "2008.5.17"]
[Round "-"]
[White "Drica"]
[Black "bonzinho"]
[Result "1-0"]
[WhiteElo "1562"]
[BlackElo "1283"]

1. e4 e5 2. Qf3 Nf6 3. Bc4 Bc5 4. Nc3 O-O 5. Nd5 c6 6. Nxf6+ Qxf6 7. Qxf6 gxf6
8. b3 Bd4 9. Rb1 f5 10. exf5 d5 11. Bd3 e4 12. Be2 Bxf5 13. c3 Be5 14. a4 Na6
15. g4 Bg6 16. Nh3 Nc7 17. f4 Bd6 18. f5 Bxf5 19. gxf5 Rae8 20. c4 Bb4 21. Bb2
e3 22. Rg1# 1-0

[Event "Again?"]
[Site "http://www.queenalice.com/game.php?id=404602"]
[Date "2008.5.17"]
[Round "-"]
[White "bonzinho"]
[Black "gomonkey"]
[Result "0-1"]
[WhiteElo "1291"]
[BlackElo "1484"]

1. d4 d5 2. e3 Nc6 3. Bb5 Nf6 4. Bxc6+ bxc6 5. Bd2 Rb8 6. h3 e6 7. Nf3 Ne4 8.
O-O Ba6 9. Ne1 Qf6 10. Nd3 Bxd3 11. cxd3 Nxd2 12. Qxd2 Bb4 13. Qc2 Rb6 14. a3
Bd6 15. a4 O-O 16. a5 Rb5 17. e4 Qf4 18. Qc3 Qh2# 0-1

[Event "New"]
[Site "http://www.queenalice.com/game.php?id=404603"]
[Date "2008.5.17"]
[Round "-"]
[White "gomonkey"]
[Black "bonzinho"]
[Result "1-0"]
[WhiteElo "1446"]
[BlackElo "1273"]

1. e4 e5 2. Nf3 Bd6 3. d4 exd4 4. Qxd4 c5 5. Qxd6 Nf6 6. e5 Ne4 7. Qd5 Nxf2 8.
Ng5 Qe7 9. Kxf2 h6 10. Ne4 O-O 11. Nxc5 Nc6 12. Qe4 Nxe5 13. Nd3 f5 14. Qxe5 Qf7
15. Nf4 Re8 16. Qd4 Re4 17. Qd6 Qf6 18. Qd2 d6 19. Bd3 Rd4 20. Qe3 Bd7 21. Nc3
Re8 22. Qg3 g5 23. Nh5 Qe5 24. Qxe5 dxe5 25. Nf6+ Kf7 26. Nxe8 Bxe8 27. Nb5 Rd5
28. Nc7 Rd8 29. Nxe8 Kxe8 30. Bxf5 b5 31. Re1 Kf7 32. Rxe5 Kf6 33. Rxb5 Rd4 34.
Be3 Rc4 35. Rd1 g4 36. Bxh6 Kf7 37. Rd6 Ke7 38. Rd7+ Kf6 39. Rd6+ Ke7 40. Rd7+
Kf6 41. Rd6+ Ke7 42. Re6+ 1-0